Central Library OPAC University of Rajshahi
Normal view MARC view

Entry Personal Name

Number of records used in: 7

001 - CONTROL NUMBER

  • control field: 1957

003 - CONTROL NUMBER IDENTIFIER

  • control field: BD-RjUL

005 - DATE AND TIME OF LATEST TRANSACTION

  • control field: 20220322104659.0

008 - FIXED-LENGTH DATA ELEMENTS

  • fixed length control field: 220322|| aca||aabn | a|a d

040 ## - CATALOGING SOURCE

  • Original cataloging agency: BD-RjUL
  • Transcribing agency: BD-RjUL

100 ## - HEADING--PERSONAL NAME

  • Personal name: Shaw, Bernard,
  • Dates associated with a name: 1856-1950

670 ## - SOURCE DATA FOUND

  • Source citation: Work cat.: (BD-RjUL)79592: Bentley, Eric, 1916-2020. 1956, Bernard Shaw /, 1967,1968